00642 2200217 4500001002100000005001700021008004100038020001800079035002500097040001200122082001200134084002200146100001700168245008400185260002700269300003600296500002700332650003200359700002100391850001200412INLIS00000000001540720151103100142.0  a979-731-446-4 a0010-111500000000020 aYOPDYOG a005.133 aDEP 005.133 Her S aHERI SISMORO aStruktur data dan pemrograman dengan pascalc/ Heri Sismoro, Kussrini Iskandar. aYogyakartabAndic2004 avii, 161 hlm.b: ilus.c; 21 cm aBibliografi : hlm. 161 aPascal (Bahasa Pemrograman) aKusrini Iskandar aYOPDYOG